<?xml version="1.0" encoding="UTF-8"?><?xml-stylesheet type="text/xsl" href="static/style.xsl"?><OAI-PMH xmlns="http://www.openarchives.org/OAI/2.0/" xmlns:xsi="http://www.w3.org/2001/XMLSchema-instance" xsi:schemaLocation="http://www.openarchives.org/OAI/2.0/ http://www.openarchives.org/OAI/2.0/OAI-PMH.xsd"><responseDate>2026-04-29T10:20:55Z</responseDate><request verb="GetRecord" identifier="oai:riubu.ubu.es:10259/8787" metadataPrefix="marc">https://riubu.ubu.es/oai/request</request><GetRecord><record><header><identifier>oai:riubu.ubu.es:10259/8787</identifier><datestamp>2024-03-09T01:05:22Z</datestamp><setSpec>com_10259_6688</setSpec><setSpec>com_10259_5086</setSpec><setSpec>com_10259_2604</setSpec><setSpec>com_10259_4219</setSpec><setSpec>col_10259_6689</setSpec><setSpec>col_10259_4220</setSpec></header><metadata><record xmlns="http://www.loc.gov/MARC21/slim" xmlns:doc="http://www.lyncode.com/xoai" xmlns:xsi="http://www.w3.org/2001/XMLSchema-instance" xmlns:dcterms="http://purl.org/dc/terms/" xsi:schemaLocation="http://www.loc.gov/MARC21/slim http://www.loc.gov/standards/marcxml/schema/MARC21slim.xsd">
<leader>00925njm 22002777a 4500</leader>
<datafield tag="042" ind1=" " ind2=" ">
<subfield code="a">dc</subfield>
</datafield>
<datafield tag="720" ind1=" " ind2=" ">
<subfield code="a">Cubo Delgado, Esther</subfield>
<subfield code="e">author</subfield>
</datafield>
<datafield tag="720" ind1=" " ind2=" ">
<subfield code="a">Gallego Nieto, César</subfield>
<subfield code="e">author</subfield>
</datafield>
<datafield tag="720" ind1=" " ind2=" ">
<subfield code="a">Elizari Roncal, Miren</subfield>
<subfield code="e">author</subfield>
</datafield>
<datafield tag="720" ind1=" " ind2=" ">
<subfield code="a">Barroso Pérez, Mª Teresa</subfield>
<subfield code="e">author</subfield>
</datafield>
<datafield tag="720" ind1=" " ind2=" ">
<subfield code="a">Collazo Riobó, Carla</subfield>
<subfield code="e">author</subfield>
</datafield>
<datafield tag="720" ind1=" " ind2=" ">
<subfield code="a">Delgado López, Pedro David</subfield>
<subfield code="e">author</subfield>
</datafield>
<datafield tag="260" ind1=" " ind2=" ">
<subfield code="c">2019-07</subfield>
</datafield>
<datafield tag="520" ind1=" " ind2=" ">
<subfield code="a">Background: Restless legs syndrome (RLS) is a common sleep disorder,. although controversial, growing evidence relates the presence of RLS to an increased risk of mortality, mainly due to cardiovascular events. The aim of this article was to review the role of RLS as a risk factor of mortality according to independent cohort studies.&#xd;
&#xd;
Methods: We performed a literature review via PubMed database for articles relating RLS and mortality. We used the random-effects model to calculate the pooled effect estimates on mortality. Heterogeneity between studies was assessed using quantitative and qualitative analysis.&#xd;
&#xd;
Results: Out of 100 articles identified, 13 were finally included. Although studies were heterogeneous (p = 0.001), no significant publication bias was found. When all cohort studies were considered, the random-effects model yielded a significantly increased risk of mortality in RLS versus non-RLS patients (13 studies, hazard ratio [HR] = 1.52, 95% confidence interval [CI] 1.28–1.80). However, this association was not statistically significant when only cohort studies using the international RLS diagnostic criteria were considered (5 studies, HR = 1.63, 95% CI 0.94–2.81).&#xd;
&#xd;
Discussion: The results of this meta-analysis suggest that RLS seems to be a risk factor of mortality, although this association is conditioned by the diagnostic criteria used in the studies. Future long-term follow-up standardized mortality studies are needed to address this important question that carries potential impact on population global health.</subfield>
</datafield>
<datafield tag="024" ind2=" " ind1="8">
<subfield code="a">http://hdl.handle.net/10259/8787</subfield>
</datafield>
<datafield tag="024" ind2=" " ind1="8">
<subfield code="a">10.5334/tohm.508</subfield>
</datafield>
<datafield tag="024" ind2=" " ind1="8">
<subfield code="a">2160-8288</subfield>
</datafield>
<datafield ind1=" " ind2=" " tag="653">
<subfield code="a">Restless legs syndrome</subfield>
</datafield>
<datafield ind1=" " ind2=" " tag="653">
<subfield code="a">Mortality</subfield>
</datafield>
<datafield ind1=" " ind2=" " tag="653">
<subfield code="a">Survival</subfield>
</datafield>
<datafield ind1=" " ind2=" " tag="653">
<subfield code="a">Epidemiology</subfield>
</datafield>
<datafield ind1=" " ind2=" " tag="653">
<subfield code="a">Cohorts</subfield>
</datafield>
<datafield ind1=" " ind2=" " tag="653">
<subfield code="a">Sleep disorder</subfield>
</datafield>
<datafield tag="245" ind1="0" ind2="0">
<subfield code="a">Is Restless Legs Syndrome Associated with an Increased Risk of Mortality? A Meta-Analysis of Cohort Studies</subfield>
</datafield>
</record></metadata></record></GetRecord></OAI-PMH>